F.J.Rubeš kolektivní, intimní

Titel: F.J.Rubeš kolektivní, intimní
Verfasser:
In: Sex a tabu v české kultuře 19. století, (1999), Seite 57-66
alle Artikel anzeigen
Veröffentlicht: 1999
Format: Aufsatz
Sprache: Tschechisch
Kein Bild verfügbar
X
alg: 39304790
001A    $01999:11-11-16 
001B    $01999:28-04-17 $t15:30:07.000 
001D    $01999:11-11-16 
001U    $0utf8 
001X    $00 
002@    $0Aox 
003@    $0393047903 
007A    $0393047903 $aHEB 
007T    $0Herdp15801 
010@    $acze 
011@    $a1999 
021A    $aF.J.Rubeš kolektivní, intimní 
028A    $aExner $dMilan 
031A    $h57-66 $j1999 
039B    $aIn $8--Aau--. Sex a tabu v české kultuře 19. století. - Praha : Academia, 1999. - 244, [16] S.. - Ill.. - ISBN 80-200-0685-0 $x199900000000000943 $9090548655 

lok: 39304790 78

exp: 39304790 78 1 #EPN
201B/01 $009-10-20 $t22:40:35.000 
201U/01 $0utf8 
203@/01 $0789158213 
208@/01 $a11-11-16 $be 
209A/01 $a/ $f000 $x00 
220C/01 $aHerkunft: Hú Av Čr Praha 
244Z/01 $#Tschechien $#Tschechische Republik $#Tschechische Republik $#Tschechenland $#Tschechei Tschechien $#Česká Republika $#Czech Republic $#ČR $74303381-7 $8--Tg1--Tschechien $x01 $9086659812 
244Z/01 $2Trx $#Böhmen $#Bohemia $#Czechy $8--Trx--Čechy $x02 $9391188941 
244Z/01 $#Rubeš, Frant. Jaromir $#Rubeš, František Jaromír Prosaiker, Dramatiker, Humorist $#Čižkovský, Fr. J. Prosaiker, Dramatiker, Humorist $#Rubeš, František J. $#Rubeš, František Jaromír $#Rubeš, Frant. Jaromír $7127919171 $8--Tp1--Rubeš, František Jaromír$Z1814-1853 $x03 $9158447042 
244Z/01 $2Trx $#sugukonnaajalugu juhtumi uurimised $#lyčių istorija case studies $#gender history case studies $#nemek története esettanulmányok $#gender studies $#dejiny pohlaví biografie $#dějiny pohlaví biografie $#gender studies $#Frauen $#kobiety $#dejiny žien $#dějiny žen $#ženy $8--Trx--Geschlechtergeschichte$gFallstudien $x04 $9391357239 
244Z/01 $2Trx $#mentaliteedid $#mentalitetas $#mentalities $#mentalitások $#mentalność $#mentality $#mentality $8--Trx--Mentalitäten $x05 $9391360639 
244Z/01 $2Trx $8--Trx--Einzelbeiträge $x06 $9391384570 
247C/01 $82080>Marburg/Lahn, Herder-Institut, Forschungsbibliothek, Bibliographieportal $9336309341
LEADER 00000caa a22000002c 4500
001 393047903
003 DE-603
005 20170428153007.0
007 tu
008 161111s1999 xx |||| | u00||u|cze c
035 |a (DE-599)HEB393047903 
040 |a DE-603  |b ger  |c DE-603  |d DE-603 
041 |a cze 
100 1 |a Exner, Milan 
245 0 0 |a F.J.Rubeš kolektivní, intimní 
264 0 |c 1999 
773 0 8 |i In  |t Sex a tabu v české kultuře 19. století  |d Praha : Academia, 1999  |h 244, [16] S., Ill.  |z 8020006850  |g (1999), Seite 57-66  |w (DE-603)090548655 
924 0 |9 2080  |a (DE-603)789158213  |b DE-2080  |c HES  |d d  |g /